Výročná správa o činnosti Sociálnej poisťovne v roku 1998

Činnosť Sociálnej poisťovne v roku 1998. Samosprávne orgány Sociálnej poisťovne. Výkonné orgány. Sociálne zabezpečenie. Informačný systém. (Príloha č. 7/99).

Saved in:
Bibliographic Details
Format: Book Chapter
Language:Slovak
Subjects:
Tags: Add Tag
No Tags, Be the first to tag this record!

MARC

LEADER 00000naa a2200000 4500
001 r035692
005 20230925071911.7
041 0 |a slo 
044 |a SK 
245 1 0 |a Výročná správa o činnosti Sociálnej poisťovne v roku 1998 
520 |a Činnosť Sociálnej poisťovne v roku 1998. Samosprávne orgány Sociálnej poisťovne. Výkonné orgány. Sociálne zabezpečenie. Informačný systém. (Príloha č. 7/99). 
610 2 0 |a správy výročné 
610 2 0 |a Sociálna poisťovňa, a.s. Bratislava 
610 2 0 |a poistenie sociálne 
610 2 0 |a zabezpečenie sociálne 
610 2 0 |a 1998